000 01285nam a22002177a 4500
008 120126t xxu||||| |||| 00| 0 eng d
020 _a0030990025
050 _aHD30.22.H61
100 _a Hirschey, Mark,
245 _aManagerial economics: European edition /
_cMark Hirschey; James L Pappas; David Whigham
260 _aNew York:
_bThe Dryden Press,
_c1993.
300 _axxi, 779 p.:
_bill.,
_c24cm.
500 _aInculdes Index.
505 _aContents: Introduction to managerial economics: The Nature and scope of managerial economics -- National and International economic structures -- Economic optimization -- Capital budgeting -- Risk analysis -- Demand analysis: Demand and supply -- Demand analysis -- Demand estimation -- Forecasting -- Production and cost analysis: Production analysis and estimation -- Cost analysis -- Cost estimation --Linear programming -- Market structure analysis and estimation: Perfect competition and monopoly -- Monopolistic competition and oligopoly -- Pricing practices -- Government intervention in the market economy in Britain and Europe -- Appendix.
650 _aManagerial economics.
650 _aDecision-making.
650 _aBusiness Economics.
700 _aPappas, James L.
700 _aWhigham David
942 _2lcc
_cBK
999 _c511
_d8011